000 00911nam a2200289 a 4500
001 75119
003 BD-RjUL
005 20211209082642.0
008 190122s1966 enka 000 0 eng
035 _aOCLC ocm00781012 from D951106M
035 _a(BD-RjUL)75337
040 _aWOO
_dABC
_dUKM
_dEQO
_beng
_cBD-RjUL
041 _aeng
082 _223
_a965.04
_bHUA 1966
090 _aDT295
_b.H8
092 _aD0503219233
100 1 _aHumbaraci, Arslan,
_d1921-
_9227259
245 1 0 _aAlgeria :
_ba revolution that failed : a political history since 1954 /
_cArslan Humbaraci
260 _aNew York;
_aLondon:
_bPall Mall P,
_c1966
300 _axvii, 308 p. :
_bill., maps ;
_c23 cm
490 1 _a[A World affairs special]
504 _aBibliography: p. 296-298
651 0 _aAlgeria
_xHistory
_y1945-1962
_9227260
830 3 _a[A World affairs special]
_9227262
942 _2ddc
_cBK
999 _c75119
_d75119